Teoretiko-igrovyje modeli v zadačach raspoznavanija /

Gespeichert in:
Bibliographische Detailangaben
1. Verfasser: Kondraťjev, A.I (Verfasst von)
Format: Buch
Sprache:Russisch
Veröffentlicht: Moskva : Nauka, 1986
Ausgabe:1.vyd.
Tags: Tag hinzufügen
Keine Tags, Fügen Sie das erste Tag hinzu!

MARC

LEADER 00000nam a22000003a 4500
001 stu7410
005 20150617225805.3
008 950315s1986----xxr-----------------rus-d
040 |a STU  |b slo 
041 0 |a rus 
044 |a xxr 
080 |a 681.327.8 
080 |a 519.688  |7 stu_us_auth*stu10069 
100 1 |a Kondraťjev, A.I  |4 aut 
245 1 |a Teoretiko-igrovyje modeli v zadačach raspoznavanija /  |c [aut.] Kondraťjev,A.I 
250 |a 1.vyd. 
260 |a Moskva :  |b Nauka,  |c 1986 
300 |a 283 s 
996 |b E61047  |c E*61047  |l EE03  |s P  |a 0  |w stu7410_0001 
996 |b E61048  |c E*61048  |l EE03  |s P  |a 0  |w stu7410_0002